|
|
|
|
| LEADER |
00000cam a2200000 7i4500 |
| 001 |
0000004136 |
| 002 |
000004449 |
| 005 |
20000330.0 |
| 020 |
|
|
|a 033515137X
|
| 090 |
0 |
0 |
|a 305.420941
|b WOM
|
| 245 |
0 |
0 |
|a Women in Britain today
|c edited by Veronica Beechey & Slizabeth White Legg
|
| 260 |
|
|
|a Buckingham :
|b Open University Press ,
|c 1991
|
| 300 |
|
|
|a 216p. ;
|c 23cm.
|
| 650 |
0 |
0 |
|a Women
|z Great Britain
|x Economic conditions
|x Addresses,essays,lectures
|
| 650 |
0 |
0 |
|a Women
|z Great Britain
|x Social conditions
|x Addresses,essays,lectures
|
| 700 |
1 |
|
|a Beechey, Veronica
|
| 700 |
1 |
|
|a Whitelegg, Elizabeth
|
| 999 |
|
|
|a 033435
|b BUKU
|c PINJAMAN
|e PERPUSTAKAAN KOMUNITI PETALING JAYA
|